[Event "UZB-ch Men 2018"]
[Site "Tashkent"]
[Date "2018.05.07"]
[Round "5.5"]
[White "Fayzullaev, Akmal"]
[Black "Abdusattorov, Nodirbek"]
[Result "0-1"]
[WhiteElo "2382"]
[BlackElo "2550"]
[Annotator "TA"]
[PlyCount "122"]
[EventDate "2018.05.13"]
[EventType "tourn"]
[EventCountry "UZB"]

{[%evp 17,122,35,39,0,10,10,7,8,9,0,12,7,16,0,2,0,4,-36,-30,-38,-23,-33,-32,-25,-16,-25,-30,-44,0,0,0,0,0,0,0,0,0,-30,22,-17,-22,-109,-108,-328,-76,-83,-75,-98,-123,-120,0,0,0,0,1,-47,-36,-38,-37,-154,0,0,0,-374,0,0,0,0,0,-206,-206,-199,-206,-202,-199,-231,-228,-248,-241,-295,-291,-342,-335,-308,-133,-208,0,-431,-407,-643,-460,-948,-328,-947,-936,-927,-920,-1137,-1137,-1137,-1129,-1129,-1129,-1129,-1128,-2073,-1829]} 1. c4 Nf6 2. Nc3 c5 3. g3 g6 4. Bg2 Bg7 5. Nf3 Nc6 6. d4 cxd4 7. Nxd4 O-O 8. O-O Qa5 9. e3 d6 {LiveBook: 71 Games. A39: Symmetrical English vs ...g6: 4 Bg2 Bg7 5 Nf3 Nf6 6 0-0 0-0 7 d4} 10. Ncb5 (10. h3 Bd7 11. Qe2 Rfc8 12. Rd1 a6 13. Bd2 Qd8 14. Rac1 Rab8 15. Nxc6 Bxc6 16. e4 Nd7 17. Bg5 h6 18. Be3 {½-½ (41) Ding,L (2778)-Bacrot,E (2718) Liaocheng 2018}) 10... Bd7 11. Bd2 $146 ({Predecessor:} 11. a3 Rac8 12. b4 Qb6 13. Bb2 a6 14. Nxc6 Bxc6 15. Bxc6 Rxc6 16. Nd4 Rxc4 17. Rc1 {0-1 (26) Martin Canfran,R (2196)-Hernando Rodrigo,J (2313) Barcelona 2011}) 11... Qb6 {The position is equal.} 12. Bc3 a6 13. Na3 Rac8 14. Rc1 h5 15. h3 Qc7 16. Ne2 Qb8 17. Qb3 e5 18. Rfd1 Be6 19. Qa4 Rfd8 20. Ba5 Re8 21. Bb6 Nd7 22. Qb3 $1 {[#]} e4 $1 {[%mdl 512]} 23. Nf4 (23. Bxe4 Bxh3) 23... Bf5 24. Nc2 Nc5 25. Qa3 Ne5 $36 {[%mdl 2048] Black is pushing.} 26. Nd4 Bd7 27. b3 Ncd3 (27... Ned3 $142) 28. Nxd3 Nxd3 29. Rb1 {[#]} (29. Rxd3 $11 {remains equal.} exd3 30. Qa5) 29... d5 $1 $17 {[%mdl 512]} 30. cxd5 $2 {[#]} (30. Qa5 $17) 30... Qe5 $2 (30... Nxf2 $1 $19 {[%mdl 512] is more deadly.} 31. Rd2 (31. Kxf2 $2 Bxd4 32. d6 Rc2+ 33. Kg1 Bxb6 $19) 31... Nxh3+ 32. Kh2 h4) 31. Qa5 Bf8 {Strongly threatening ...Bb4.} 32. Qd2 Bd6 33. f4 exf3 (33... Qf6 $1 $17 34. Ba5 h4) 34. Nxf3 $11 Qxg3 35. Qxd3 {Hoping for Qd2.} Bf5 $1 {[%cal Rf5d3]} 36. Qf1 {Rbc1 is the strong threat.} Bxb1 37. Rxb1 Rc2 38. Rc1 {[#]} (38. a4 $15) 38... Rec8 $2 (38... Rxa2 39. Rc4 $17) ({Black should play} 38... Qxg2+ $1 $17 {[%mdl 512]} 39. Qxg2 Rxc1+ 40. Ne1 Rxe1+ 41. Kf2 Rb1) 39. Rxc2 Rxc2 40. h4 $2 {[%mdl 8192]} (40. a4 $11) 40... Qg4 $2 (40... g5 $1 $19 {[%cal Rg5g4]} 41. Ba5 (41. hxg5 $2 h4 $19) 41... Bc5) 41. Bd4 Qg3 {White must now prevent ...g5.} 42. e4 Qf4 {Threatens to win with ...Rc1.} 43. e5 $2 (43. Qd3 $1 $11 Rc1+ 44. Bf1) 43... Rc1 $19 44. exd6 Rxf1+ 45. Kxf1 {White wants to play d7.} Qxd6 46. Ng5 Kf8 47. Bf3 Ke7 48. Kg2 Qa3 49. Ne4 Qxa2+ 50. Kg3 {[#]} Qc2 ({But not} 50... Qxb3 $2 51. d6+ Kf8 52. d7 $18) (50... f5 $1 $19 {[%cal Rf5e4] and Black stays clearly on top.} 51. d6+ Ke6 52. Nc5+ Kxd6 53. Nxb7+ Ke7 54. Bc5+ Kf7 55. Bd5+ Kg7) 51. Bc5+ {[#]} (51. Bf6+ $17 Kd7 52. Bg5) 51... Kd7 $2 (51... Kd8 $1 $19 52. b4 Qb2) 52. b4 $2 {[%mdl 8192]} (52. Nf6+ $1 $11 {and White stays safe.} Kc8 53. Be7) 52... Qb2 53. Kf4 (53. Ng5 $142 Qe5+ 54. Kg2) 53... f6 {[%cal Bf7f6,Bf6f5][%mdl 32]} 54. Bb6 (54. Kg3 $142 g5 55. hxg5 Qe5+ 56. Kf2 fxg5 57. Ke3 Qf4+ 58. Ke2) 54... Qe5+ 55. Ke3 {intending Bd4.} f5 {Black is clearly winning.} 56. Bd4 Qe8 57. Kd3 fxe4+ 58. Bxe4 Qf7 59. Bc5 Qf4 60. Be3 Qxh4 61. Bxg6 Qg4 {Precision: White = 35%, Black = 58%.} 0-1

[Event "UZB-ch Men 2018"]
[Site "Tashkent"]
[Date "2018.05.07"]
[Round "5.6"]
[White "Tillyaev, Ulugbek"]
[Black "Iuldachev, Saidali"]
[Result "1-0"]
[WhiteElo "2292"]
[BlackElo "2469"]
[Annotator "TA"]
[PlyCount "93"]
[EventDate "2018.05.13"]
[EventType "tourn"]
[EventCountry "UZB"]

{[%evp 27,93,36,25,21,33,32,27,27,35,22,50,27,21,19,43,8,21,4,3,0,0,-12,0,0,48,45,50,31,89,86,162,157,156,166,292,293,272,263,252,136,135,77,89,94,119,119,120,121,126,0,109,0,141,109,164,116,162,61,652,632,549,650,647,638,581,547,838,608]} 1. e4 e5 2. Nf3 Nc6 3. Bb5 a6 4. Ba4 Nf6 5. O-O Be7 6. Re1 b5 7. Bb3 d6 8. c3 O-O 9. a4 Bd7 10. d4 h6 {C90: Closed Ruy Lopez with 7...d6: Early deviations} 11. Nbd2 {[%cal Bb1d2,Bd2f1,Bf1g3][%mdl 32]} (11. Nh4 Kh8 12. Nf5 Na5 13. Bc2 Bxf5 14. exf5 exd4 15. cxd4 d5 16. axb5 axb5 17. Bxh6 gxh6 18. Rxa5 Rxa5 19. Qd2 Re8 20. Qxh6+ Kg8 21. Qg5+ Kf8 22. Qh6+ Kg8 23. Qg5+ Kf8 {½-½ (23) Predojevic,B (2647)-Kamsky,G (2673) Karlsruhe 2016}) 11... Re8 12. Nf1 Bf8 13. Ng3 Na5 14. Bc2 c5 {LiveBook: 22 Games} 15. h3 cxd4 16. cxd4 Qc7 17. axb5 axb5 18. Bd3 $146 ({Predecessor:} 18. b3) 18... Qb6 19. Be3 Qb7 20. b3 Nc6 21. d5 Nb4 {Threatens to win with ...Rxa1.} 22. Rxa8 (22. Qd2 {with more complications.} Nxd3 23. Qxd3 Be7 24. Bd2 Bf8 25. Bb4) 22... Qxa8 23. Bb1 Rc8 24. Nh4 Qa1 25. Nhf5 Kh7 26. Bd2 $36 {[%mdl 2048] White fights for an advantage.} Na2 27. Qf3 {Nxh6 is the strong threat.} Qb2 ({Black should play} 27... Nc1 $1 $14) 28. Be3 $1 $16 {Black must now prevent Nxh6.} Nc3 (28... Nc1 $16) 29. Bd3 $18 Qxb3 {[%cal Rc3d5] And now ...Ncxd5 would win.} 30. Bxh6 $1 {Strongly threatening Bg5.} gxh6 {[#]} (30... Kg8 $142) 31. Nxd6 $1 {[%mdl 512]} Bg7 (31... Bxd6 32. Qxf6) 32. Nxc8 Bxc8 {[#]} 33. Bxb5 $1 {[%mdl 512]} Qb4 {[#]} (33... Qxb5 34. Qxc3) 34. Rc1 (34. Bd3 $142 $1) 34... Nxb5 $16 35. Rxc8 {[%cal Rf3f5]} Nd6 36. Rc6 Nfe8 37. Kh2 Bf8 38. Qh5 (38. Ra6 $16) 38... Qd4 (38... Qb2 $11) 39. Qf3 ({Better is} 39. f3 $16) 39... Kg8 (39... Qb4 $1 $11 {remains equal.}) 40. Qg4+ Kh8 (40... Kh7 $16 {keeps fighting.}) 41. f3 Qd2 {[#]} 42. Rc8 $1 {[%mdl 512]} Qg5 $2 {[%mdl 8192] [#]} (42... Kh7 $14) (42... Nxc8 43. Qxc8) 43. Rxe8 $1 $18 {[%mdl 512] White is clearly winning.} Nxe8 {[#]} 44. Qc8 $1 Qf4 45. Qxe8 Kg7 46. Qd7 Kh8 47. Qf5 {Precision: White = 61%, Black = 39%.} 1-0

[Event "UZB-ch Men 2018"]
[Site "Tashkent"]
[Date "2018.05.07"]
[Round "5.7"]
[White "Sindarov, Javokhir"]
[Black "Saydaliev, Saidakbar"]
[Result "1/2-1/2"]
[WhiteElo "2430"]
[BlackElo "2361"]
[Annotator "TA"]
[PlyCount "42"]
[EventDate "2018.05.13"]
[EventType "tourn"]
[EventCountry "UZB"]

{[%evp 30,42,-2,-10,-4,-8,-11,-29,-28,-42,-36,-53,-34,-47,-42]} 1. e4 c5 2. c3 d5 3. exd5 Qxd5 4. d4 Nc6 5. Nf3 Bg4 6. Be2 e6 7. O-O Nf6 8. Na3 cxd4 9. Nb5 Rc8 10. Nbxd4 Nxd4 11. Nxd4 Bxe2 {B22: Sicilian: 2 c3} 12. Qxe2 Be7 13. Rd1 a6 14. Nf3 Qe4 15. Qxe4 Nxe4 16. Be3 {LiveBook: 3 Games} f6 17. a4 $146 ({Predecessor:} 17. Rd4 Nd6 18. Rad1 Rc6 19. Nd2 {½-½ (62) Drugov,P (2277)-Loginov,V (2527) St Petersburg 2005}) 17... Nd6 18. Nd4 Kf7 19. Nb3 Nc4 {Black is slightly better.} 20. Rab1 Rhd8 21. Rxd8 Rxd8 1/2-1/2

[Event "UZB-ch Men 2018"]
[Site "Tashkent"]
[Date "2018.05.08"]
[Round "6.1"]
[White "Abdisalimov, Abdimalik"]
[Black "Saydaliev, Saidakbar"]
[Result "1-0"]
[WhiteElo "2317"]
[BlackElo "2361"]
[PlyCount "71"]
[EventDate "2018.05.13"]
[EventType "tourn"]
[EventCountry "UZB"]
[TimeControl "5400+30"]

1. d4 Nf6 2. c4 e6 3. Nc3 Bb4 4. e3 O-O 5. Bd3 d5 6. Nf3 c5 7. cxd5 exd5 8. O-O Nc6 9. dxc5 Bxc5 10. h3 Qe7 11. b3 Rd8 12. Bb2 Ne4 13. Rc1 Bf5 14. Ne2 Bg6 15. Nf4 Rac8 16. Qe2 Bb6 17. Bb5 Ng5 18. Rfd1 Be4 19. Nd2 Bf5 20. Nf1 Be6 21. Ng3 f6 22. h4 Nf7 23. Bd3 Nh6 24. Qc2 Bf7 25. Bxh7+ Kh8 26. Nf5 Nxf5 27. Qxf5 Bxe3 28. fxe3 Qxe3+ 29. Kh2 Ne7 30. Qg4 Rxc1 31. Bxc1 Qe5 32. Bd3 g5 33. hxg5 fxg5 34. Qh3+ Kg7 35. Qg3 Rh8+ 36. Nh3 1-0

[Event "UZB-ch Men 2018"]
[Site "Tashkent"]
[Date "2018.05.08"]
[Round "6.2"]
[White "Iuldachev, Saidali"]
[Black "Sindarov, Javokhir"]
[Result "0-1"]
[WhiteElo "2469"]
[BlackElo "2430"]
[Annotator "TA"]
[PlyCount "76"]
[EventDate "2018.05.13"]
[EventType "tourn"]
[EventCountry "UZB"]

{[%evp 10,76,14,9,10,4,0,-8,6,-19,0,-10,13,-14,0,-22,-13,-29,-9,-21,0,0,0,0,16,0,0,-5,-5,-5,-6,-6,-5,-6,-6,-5,-14,-45,-52,-63,-38,-51,-62,-127,-135,-266,-256,-269,-193,-457,-176,-563,-551,-682,-343,-1787,-1617,-4702,-468,-467,-460,-552,-504,-455,-471,-29985,-29986,-29986,-29987]} 1. e4 c5 2. Nc3 Nc6 3. Bb5 g6 4. Bxc6 bxc6 5. d3 Bg7 6. Nge2 {LiveBook: 44 Games. B23: Closed Sicilian: Lines without g3} (6. f4 c4 7. d4 d5 8. e5 h5 9. Nf3 Nh6 10. O-O Bg4 11. b3 Nf5 12. Na4 Nh4 13. Nc5 Qc8 14. bxc4 dxc4 {½-½ (81) Zhao,J (2604)-Naiditsch,A (2705) Riadh 2017}) 6... d5 7. O-O Nf6 8. Bf4 {The position is equal.} O-O 9. Be5 $146 ({Predecessor:} 9. Qd2 Re8 10. Bh6 Bh8 11. f3 Rb8 12. b3 Ba6 13. Rad1 Qc7 {1-0 (34) Van der Veen,J (2129)-Nimtz,M (2245) Germany 2004}) 9... Ba6 10. Re1 Re8 11. Rb1 Bh6 12. Bxf6 exf6 13. Ng3 d4 14. Na4 Qa5 15. b3 Rab8 16. h3 Bd2 17. Rf1 Bf4 18. Qg4 Bd6 19. f4 {[#]} c4 $1 $36 {[%mdl 2560] Black fights for an advantage.} 20. dxc4 {[#]} (20. bxc4 Qxa4) 20... Bxc4 $1 {[%mdl 512]} 21. bxc4 {Qd7 is the strong threat.} Qxa4 22. Rxb8 Rxb8 (22... Bxb8 $6 23. Nh5 $16) 23. e5 (23. Nh5 $5) 23... fxe5 24. Qd7 Qa3 25. fxe5 Qe3+ $1 26. Kh1 ({White should try} 26. Kh2 $1 $15 Bxe5 27. Qxf7+ Kh8 28. Rf3) 26... Qxe5 $17 {And now ...f5 would win.} ({Much weaker is} 26... Bxe5 $6 27. Qxf7+ Kh8 28. Qe7 $11) 27. c5 {[#]} (27. Qxf7+ $17 Kh8 28. c5) 27... Be7 $1 $19 ({Much less strong is} 27... Bxc5 28. Qxf7+ Kh8 29. Qf6+ Qxf6 30. Rxf6 $17) 28. Qxa7 Rb2 {Hoping for ...d3.} 29. Qd7 $2 (29. Qa3 Rb5 30. Qd3) 29... Kg7 $2 (29... f5 30. Rf3 Rxc2 31. Qxc6 Rxc5) 30. Rf3 $2 (30. Qg4 Bxc5 31. Nf5+ Kh8 32. Nh6) 30... Rxc2 31. Qxc6 Rxc5 32. Qd7 $2 (32. Qe4) 32... Rc1+ 33. Nf1 Bf6 (33... Bd6 $142 {[%csl Gd6][%cal Re5h2]} 34. Qxf7+ Kh6) 34. Kg1 Rc2 35. Rf2 Rc7 36. Qg4 d3 37. Ng3 (37. Qf4 $19 Qxf4 38. Rxf4) 37... Rc1+ 38. Kh2 h5 {Precision: White = 15%, Black = 39%.} 0-1

[Event "UZB-ch Men 2018"]
[Site "Tashkent"]
[Date "2018.05.08"]
[Round "6.3"]
[White "Abdusattorov, Nodirbek"]
[Black "Tillyaev, Ulugbek"]
[Result "0-1"]
[WhiteElo "2550"]
[BlackElo "2292"]
[Annotator "TA"]
[PlyCount "120"]
[EventDate "2018.05.13"]
[EventType "tourn"]
[EventCountry "UZB"]

{[%evp 23,120,10,14,0,0,0,0,0,7,-14,-12,-16,-16,-36,-35,-50,-40,-43,-41,-151,-38,-46,-28,-31,-32,-38,0,-35,0,0,0,-37,0,0,-9,-23,0,0,0,-19,-19,-19,-19,-19,-25,-25,-25,-99,-95,-114,-19,-146,-91,-206,-208,-196,-199,-189,-188,-184,-172,-227,-226,-218,-151,-266,-239,-239,-244,-270,-268,-264,-254,-279,-259,-247,-20,-199,-184,-282,-79,-85,-7,-66,-55,-65,-58,-158,-167,-136,-122,-233,-236,-236,-236,-455,-323,-1313,-1319]} 1. e4 c5 2. Nf3 e6 3. d4 cxd4 4. Nxd4 a6 5. Nc3 Qc7 6. g3 Nf6 7. Bg2 Be7 8. O-O Nc6 9. Re1 Nxd4 10. Qxd4 Bc5 11. Bf4 d6 12. Qd2 Ng4 {LiveBook: 9 Games. B47: Sicilian: Taimanov: 5 Nc3 Qc7 6 f4, 6 g3 and 6 Be2} 13. Nd1 (13. Rf1 {is interesting.} Ne5 14. Na4 Ba7 15. b3 Bd7 16. Nb2) (13. Re2 Ne5 14. Na4 Ba7 15. Rd1 b5 16. Qxd6 Qxd6 17. Rxd6 Nc4 18. e5 Nxd6 19. exd6 Rb8 20. d7+ Bxd7 21. Bxb8 Bxb8 {½-½ (45) Takacs,B (2354)-Cosic,M (2302) Slovenia 2013}) 13... e5 14. Be3 Nxe3 {The position is equal.} 15. Nxe3 Be6 16. c3 O-O $146 ({Predecessor:} 16... Rc8 17. Nd5 Bxd5 18. Qxd5 Qc6 19. Qd3 O-O 20. Rad1 {0-1 (37) Arnarsson,H (2046)-Davidsdottir,N (1864) Reykjavik 2017}) 17. h4 Kh8 18. Kh2 g6 19. Rf1 f5 20. exf5 gxf5 {...f4 is the strong threat.} 21. Nd5 ({White must play} 21. b4 $1 $15 Bxe3 22. fxe3) 21... Qg7 (21... Qf7 $1 $17 22. b4 Ba7) 22. Qg5 $15 Qf7 23. Rad1 Rad8 24. Bf3 f4 25. Bh5 fxg3+ 26. fxg3 Qg7 27. Qxg7+ Kxg7 28. Bf3 a5 29. Kg2 Bf5 30. Ne7 Bd7 31. b4 axb4 32. cxb4 Bxb4 33. Rb1 Bc5 34. Rxb7 Rf7 35. Nc6 (35. Nf5+ $1 $11 Bxf5 36. Rxf7+ Kxf7 37. Bg4) 35... Rdf8 $1 $17 36. Rfb1 Kh6 (36... Bf5 $1 $17 {[%cal Rf5b1]} 37. Rxf7+ Rxf7) 37. a4 (37. R1b2 $1 $11 {remains equal.}) 37... Rg7 $36 {[%mdl 2048] Black has strong initiative.} ({Of course not} 37... Rxf3 $6 38. Rxd7 R8f7 39. Rxf7 $11) (37... Rg8 $142 $1 38. Rxd7 Rxd7) 38. Rxd7 (38. Nb8 $17 Bxa4 39. Rxg7 Kxg7 40. Na6) 38... Rxd7 $19 39. a5 Rc7 40. Be4 Rf2+ 41. Kh3 {[#]} Re2 $1 {[%cal Re2e4]} 42. Bd5 (42. Bf5 $142) 42... Rd2 43. Bh1 Rd3 44. Kg4 (44. Rf1 $17) 44... Rf7 {And now ...Bf2 would win.} 45. Be4 Ra3 {Strongly threatening ...Bf2.} 46. Bd5 Rg7+ 47. Kf5 Rgxg3 48. Rb7 {If only White now had time for Ne7....} Ra4 49. Ne7 Rf4+ ({Don't do} 49... Rxa5 50. Ng8+ Rxg8 51. Bxg8 $17) 50. Ke6 {[#] intending Nf5+.} Kh5 $1 51. Bc6 (51. Bb3 {was worth a try.}) 51... Rg7 $2 ({Not} 51... Rxh4 52. Be8+ Kg4 53. Nf5 $17) (51... e4 $19 {is more deadly.} 52. Be8+ Kg4) 52. a6 $17 e4 (52... Rg1 $17 {Threatens to win with ...e4.} 53. a7 Ra1) 53. Be8+ (53. a7 $11 Bxa7 54. Rxa7) 53... Kg4 $15 {Hoping for ...e3.} 54. Nd5 $1 Rg8 55. Bh5+ (55. Bd7 $15) 55... Kxh5 $17 56. Nxf4+ Kg4 57. Nd5 (57. Rf7 $17 {keeps fighting.}) 57... Re8+ $19 58. Kf7 Ra8 {White must now prevent ...e3.} 59. Nc7 $2 (59. Ke6) 59... Ra7 60. Kg8 $2 (60. Nd5) 60... e3 {Precision: White = 26%, Black = 63%.} 0-1

[Event "UZB-ch Men 2018"]
[Site "Tashkent"]
[Date "2018.05.08"]
[Round "6.4"]
[White "Dzhumaev, Marat"]
[Black "Fayzullaev, Akmal"]
[Result "1-0"]
[WhiteElo "2451"]
[BlackElo "2382"]
[Annotator "TA"]
[PlyCount "77"]
[EventDate "2018.05.13"]
[EventType "tourn"]
[EventCountry "UZB"]

{[%evp 16,77,0,0,7,0,13,0,0,0,27,17,27,4,6,12,33,35,31,29,44,37,31,37,116,123,117,116,191,192,301,286,300,293,267,233,222,183,185,179,168,186,256,254,254,187,230,222,225,223,273,150,193,181,168,145,155,139,135,126,181,172,2496,2199]} 1. e4 c6 2. d4 d5 3. e5 Bf5 4. Nf3 e6 5. Be2 Ne7 6. O-O h6 7. Be3 Nd7 8. c4 {B12: Caro-Kann: Advance Variation} (8. b4 Bh7 9. Bd3 Bxd3 10. Qxd3 Nf5 11. c3 Be7 12. a4 a5 13. b5 c5 14. Nbd2 cxd4 15. cxd4 Nb6 {½-½ (40) Smagin,S (2551)-Rozum,I (2586) Sochi 2017}) 8... dxc4 9. Bxc4 {LiveBook: 5 Games} Nd5 10. Nc3 {The position is equal.} Be7 11. Qe2 $146 ({Predecessor:} 11. Bd3 Bxd3 12. Qxd3 O-O 13. Qd2 Nxe3 14. fxe3 c5 15. d5 exd5 16. Qxd5 {0-1 (40) Mammadova,G (2345)-Klinova,M (2318) Batumi 2012}) 11... O-O 12. Rad1 a5 13. Nxd5 cxd5 14. Bb5 Nb8 15. Nd2 {[%cal Bf3d2,Bd2b1,Bb1c3,Bc3a4][%mdl 32]} Qb6 16. Nb1 Nc6 17. Nc3 Rfc8 18. g4 {[%cal Bg2g4,Bg4f5][%mdl 32]} Bh7 $1 19. f4 Bb4 {[#]} ({Black should try} 19... Na7 $14 20. Ba4 Bb4) 20. Na4 $1 $16 {[%cal Ra4b6]} Qd8 21. f5 exf5 (21... Na7 $16) 22. gxf5 $18 Na7 (22... f6 {is a better defense.} 23. a3 Be7) 23. Bd3 f6 24. Qg2 Kh8 25. a3 b5 26. axb4 bxa4 27. b5 Rab8 28. Bf4 {And now exf6 would win.} Rxb5 (28... Rb7 $142 29. Ra1 Nxb5) 29. Bxb5 Nxb5 30. e6 a3 31. bxa3 $40 {[%mdl 128] White has strong attack.} Nxa3 32. Rc1 {aiming for e7!} Nc4 {[#]} 33. Qh3 (33. Rce1 $1 $18) 33... Qb6 $16 34. Rfd1 a4 35. Rb1 Qa7 36. Qh5 a3 37. Qf7 Qxf7 38. exf7 Nb2 $2 (38... g5) 39. Re1 {Precision: White = 73%, Black = 47%.} 1-0

[Event "UZB-ch Men 2018"]
[Site "Tashkent"]
[Date "2018.05.08"]
[Round "6.5"]
[White "Vokhidov, Shamsiddin"]
[Black "Khoroshev, Nikita"]
[Result "1/2-1/2"]
[WhiteElo "2414"]
[BlackElo "2340"]
[Annotator "TA"]
[PlyCount "93"]
[EventDate "2018.05.13"]
[EventType "tourn"]
[EventCountry "UZB"]

{[%evp 11,93,64,50,58,45,27,12,5,7,7,7,14,14,-8,0,-6,-2,-8,-7,-22,-23,-40,7,0,0,0,0,0,0,0,7,0,13,0,1,-36,-33,-44,101,104,139,141,74,31,22,28,26,22,28,22,22,18,19,9,11,0,0,0,0,0,0,0,0,0,0,0,0,0,0,0,0,0,0,0,0,0,0,0,0,0,0,0,0,0]} 1. e4 e5 2. Nf3 Nc6 3. Bb5 Nf6 4. Qe2 d6 5. d4 {[%cal Bd2d4,Bd4e5][%mdl 32]} Bd7 6. Bxc6 {C65: Ruy Lopez: Berlin Defence (3...Nf6), unusual lines and 4 0-0 Bc5} (6. c3 Be7 7. Nbd2 exd4 8. cxd4 O-O 9. O-O Bg4 10. Qd3 Nd7 11. Re1 Bh5 12. b3 Bg6 13. Bxc6 bxc6 14. Qc4 c5 15. Bb2 cxd4 16. Nxd4 Ne5 17. Qa6 {0-1 (32) Skripchenko,A (2399)-Gunina,V (2502) Monaco 2017}) 6... Bxc6 {LiveBook: 6 Games} 7. dxe5 Nxe4 8. O-O {White is slightly better.} d5 9. Rd1 $146 ({Predecessor:} 9. c4 Bc5 10. Nc3 Nxc3 11. bxc3 O-O 12. Rd1 Qe7 13. cxd5 Ba4 {1-0 (22) Janowski,D-Seuffert,P Leipzig 1894}) 9... Bc5 10. Be3 {White wants to play Bxc5.} Qe7 11. Nbd2 O-O 12. Bxc5 Qxc5 13. Nb3 Qb6 14. Nfd4 Rae8 15. a4 Bd7 ({Inferior is} 15... Rxe5 16. a5 $16 (16. f3 Bd7 $16)) 16. f3 Ng5 17. h4 Ne6 18. a5 Nxd4 19. Rxd4 Qc6 20. Rad1 $36 {[%mdl 2048] White is more active.} Be6 21. Nc1 {[%cal Bb3c1,Bc1d3,Bd3b4,Bb4d5,Bd5f6][%mdl 32]} f6 22. Nd3 Bf5 23. Nb4 Qc5 24. Nxd5 Bxc2 (24... Rxe5 $15 {keeps the upper hand.} 25. Ne3 Rfe8) 25. b4 $16 Bxd1 {[#]} ({But not} 25... Rxe5 $2 26. Qd2 $18) 26. Nxf6+ $1 {[%mdl 512]} Kh8 (26... gxf6 27. Qa2+) 27. Qxd1 (27. Qd3 $5 {[%cal Rd3h7]} Qxd4+ 28. Qxd4 gxf6 29. Qxd1 $16) 27... Qxe5 28. Nxe8 {And now Re4 would win.} Qe3+ 29. Kh2 Rxe8 $11 {[%mdl 4096] Endgame KQR-KQR} 30. Qd2 {[#] aiming for Qxe3.} Qe5+ {The position is equal.} 31. g3 h6 32. Rd7 Qf5 33. Kg2 (33. Qd3 {seems wilder.} Re2+ 34. Kg1 Qxd3 35. Rxd3 Rb2 36. Rd7) 33... Re2+ 34. Qxe2 Qxd7 {KQ-KQ} 35. Qe4 c6 36. Qe3 h5 37. Kf2 Qd5 38. g4 hxg4 39. fxg4 b6 40. axb6 axb6 41. Qxb6 Qd2+ 42. Kf3 Qd1+ 43. Kf4 Qd2+ 44. Kf3 Qd1+ 45. Kf4 Qd2+ 46. Ke4 Qe2+ 47. Kf4 {Precision: White = 38%, Black = 84%.} 1/2-1/2

[Event "UZB-ch Men 2018"]
[Site "Tashkent"]
[Date "2018.05.08"]
[Round "6.6"]
[White "Yakubboev, Nodirbek"]
[Black "Barsov, Alexei"]
[Result "1-0"]
[WhiteElo "2493"]
[BlackElo "2411"]
[Annotator "TA"]
[PlyCount "78"]
[EventDate "2018.05.13"]
[EventType "tourn"]
[EventCountry "UZB"]

{[%evp 22,78,21,29,14,9,30,15,27,0,0,-17,-2,-5,-6,-12,-9,-20,16,13,81,33,28,36,55,0,0,0,0,0,12,0,0,0,29,0,26,0,0,0,29,24,69,0,0,0,0,0,8,0,0,-56,30,2,2,2,11,14,208]} 1. c4 e6 2. Nf3 d5 3. d4 Nf6 4. g3 dxc4 5. Bg2 c5 6. O-O Nc6 7. Qa4 Bd7 8. Qxc4 b5 9. Qd3 Rc8 10. dxc5 Bxc5 11. Nc3 Nb4 12. Qd1 {LiveBook: 20 Games} O-O {E04: Open Catalan: 5 Nf3} (12... Bc6 13. Qxd8+ Rxd8 14. Bg5 Be7 15. a3 Na6 16. Ne5 Bxg2 17. Kxg2 h6 18. Bf4 Nd5 19. Nxb5 Bf6 20. Nc4 {1-0 (34) Avrukh,B (2628)-Moiseenko,A (2643) Maalot-Tarshiha 2008}) 13. a3 Nbd5 14. Nxd5 Nxd5 15. Ne5 Be8 {[#]} 16. Qb3 $146 ({Predecessor:} 16. Bxd5 exd5 17. Bd2 f6 18. Nd3 Bb6 19. Bb4 Rf7 20. Rc1 {½-½ (46) Kraemer,M (2516)-Nguyen,A (2500) Khanty-Mansiysk 2010}) 16... a5 {[%cal Ba7a5,Ba5a4][%mdl 32]} 17. Bd2 a4 18. Qd1 Bd4 19. Nd3 $1 Rc4 20. Rc1 f5 (20... Bc6 $11 {remains equal.}) 21. e3 Bf6 22. Qe2 Bf7 23. Rfd1 ({Better is} 23. Rxc4 $14 bxc4 24. Nb4) 23... Qc7 $11 24. e4 fxe4 25. Bxe4 Rc8 26. Kg2 Qd6 27. Be1 g6 28. Bf3 Kg7 29. Bd2 g5 30. Be4 h5 31. h3 Rh8 32. Bf3 (32. Ne1 $14) 32... h4 33. Re1 hxg3 34. fxg3 Rhc8 35. Rxc4 Rxc4 36. Nf2 ({White should try} 36. Ba5 $11) 36... Bg6 (36... Rc2 $1 $15 37. Ne4 Qd8) 37. Ne4 Bxe4 $1 {The position is equal.} 38. Bxe4 {[#] Qh5 is the strong threat.} Rd4 {aiming for ...Rxd2!} 39. Bc1 Ne7 $2 {Precision: White = 32%, Black = 47%.} (39... Qe5 $11 {and Black stays safe.}) 1-0

[Event "UZB-ch Men 2018"]
[Site "Tashkent"]
[Date "2018.05.08"]
[Round "6.7"]
[White "Jumanov, Elbek"]
[Black "Vahidov, Tair"]
[Result "0-1"]
[WhiteElo "2283"]
[BlackElo "2400"]
[PlyCount "92"]
[EventDate "2018.05.13"]
[EventType "tourn"]
[EventCountry "UZB"]
[TimeControl "5400+30"]

1. c4 Nf6 2. g3 g6 3. Bg2 c5 4. Nc3 Bg7 5. Nf3 Nc6 6. O-O O-O 7. d3 d5 8. cxd5 Nxd5 9. Nxd5 Qxd5 10. Be3 Bd7 11. Nd4 Qd6 12. Nxc6 Bxc6 13. Bxc6 Qxc6 14. Rc1 Qe6 15. b3 b6 16. Rc4 Rfd8 17. Qc2 Rd5 18. Kg2 Rad8 19. h4 Bd4 20. Qd2 Re5 21. Bxd4 Rxe2 22. Qf4 cxd4 23. Rxd4 Rxd4 24. Qxd4 Rxa2 25. Rc1 Ra5 26. Rc7 Qd5+ 27. Qxd5 Rxd5 28. Rxe7 a5 29. Rb7 Rb5 30. d4 Rxb3 31. d5 Kg7 32. g4 h6 33. d6 Kf6 34. g5+ hxg5 35. hxg5+ Ke6 36. Re7+ Kxd6 37. Rxf7 a4 38. Rf6+ Ke5 39. Rxg6 a3 40. Rg8 Kf5 41. f4 Kxf4 42. g6 Kf5 43. g7 Kf6 44. Kf2 Kf7 45. Ra8 Kxg7 46. Ke2 b5 0-1

[Event "UZB-ch Men 2018"]
[Site "Tashkent"]
[Date "2018.05.09"]
[Round "7.1"]
[White "Vahidov, Tair"]
[Black "Abdisalimov, Abdimalik"]
[Result "1-0"]
[WhiteElo "2400"]
[BlackElo "2317"]
[PlyCount "99"]
[EventDate "2018.05.13"]
[EventType "tourn"]
[EventCountry "UZB"]
[TimeControl "5400+30"]

1. Nf3 c5 2. c4 Nf6 3. Nc3 e6 4. g3 b6 5. Bg2 Bb7 6. O-O Be7 7. d4 cxd4 8. Qxd4 d6 9. Rd1 a6 10. e4 Qc7 11. b3 O-O 12. Ba3 Rd8 13. Rac1 Nc6 14. Qe3 Ng4 15. Qe2 Qb8 16. h3 Nge5 17. Nxe5 Nxe5 18. f4 Nc6 19. Nd5 b5 20. Nxe7+ Nxe7 21. Qd2 Bc6 22. Bxd6 Qb7 23. Qe2 Rd7 24. c5 b4 25. Bxe7 Rxe7 26. e5 Rc7 27. Rd6 Rac8 28. Rcd1 Bd5 29. Bxd5 exd5 30. R1xd5 g6 31. e6 Re7 32. Rd8+ Kg7 33. Qe5+ f6 34. Qd6 Rc6 35. Qxe7+ Qxe7 36. R5d7 Rxe6 37. Rxe7+ Rxe7 38. Kf2 Kf7 39. Kf3 Re1 40. Rd7+ Ke8 41. Ra7 h5 42. Rxa6 Ke7 43. Rb6 Rc1 44. Rxb4 Rxc5 45. Rc4 Rd5 46. Ke2 Ke6 47. g4 h4 48. a4 f5 49. gxf5+ Kxf5 50. b4 1-0